[Event "GER-chT U18 Girls"]
[Site "Germany"]
[Date "2011.05.14"]
[Round "5.4"]
[White "Koller, Vivien"]
[Black "Woider, Stella"]
[Result "1/2-1/2"]
[WhiteElo "837"]
[BlackElo "757"]
[PlyCount "39"]
[EventDate "2011.05.13"]
[EventType "team-swiss"]
[EventRounds "7"]
[EventCountry "GER"]
[SourceTitle "EXT 2012"]
[Source "ChessBase"]
[SourceDate "2011.11.24"]
[SourceVersion "1"]
[SourceVersionDate "2011.11.24"]
[SourceQuality "1"]
[WhiteTeam "Aue CWG (W)"]
[BlackTeam "Gonsenheim Gymn (W)"]
[WhiteTeamCountry "GER"]
[BlackTeamCountry "GER"]

1. e4 e5 2. Nc3 Nf6 3. Nf3 Nc6 4. a3 Bc5 5. Bb5 d6 6. 0-0 Bg4 7. Bxc6+ bxc6 8. d3 0-0 9. Qe2 Rb8 10. Rb1 h6 11. Be3 Bb6 12. Na4 c5 13. h3 Bh5 14. b4 cxb4 15. axb4 Qd7 16. Nxb6 axb6 17. Rb2 d5 18. Rd1 d4 19. Bd2 Rbc8 20. b5 1/2-1/2

[Event "GER-ch Schools U18 Girls"]
[Site "Germany"]
[Date "2010.05.09"]
[Round "7.3"]
[White "Halle, Julia"]
[Black "Woider, Stella"]
[Result "0-1"]
[WhiteElo "1018"]
[BlackElo "757"]
[PlyCount "109"]
[EventDate "2010.05.07"]
[EventType "team-swiss"]
[EventRounds "7"]
[EventCountry "GER"]
[SourceTitle "EXT 2011"]
[Source "ChessBase"]
[SourceDate "2010.11.26"]
[SourceVersion "1"]
[SourceVersionDate "2010.11.26"]
[SourceQuality "1"]
[WhiteTeam "Langensalza SG (W)"]
[BlackTeam "Mainz Gymn (W)"]
[WhiteTeamCountry "GER"]
[BlackTeamCountry "GER"]

1. e4 e5 2. Nf3 Nc6 3. Bc4 Bc5 4. Nc3 d6 5. d3 Nf6 6. 0-0 0-0 7. Bd2 Bg4 8. Re1 h6 9. Be3 Bb6 10. Qe2 Nd4 11. Bxd4 Bxd4 12. Nd1 c6 13. Ne3 Bh5 14. Nf5 Bxb2 15. Rab1 Bc3 16. Rf1 Rb8 17. N5h4 b5 18. Bb3 d5 19. Qe3 d4 20. Qe2 Qe7 21. Nf5 Qd7 22. Nxe5 Bxe2 23. Nxd7 Nxd7 24. Rfc1 Bd2 25. Ne7+ Kh8 26. Nxc6 Rb7 27. Nxd4 Bxc1 28. Rxc1 Bh5 29. Re1 Re8 30. h3 Nc5 31. Nf5 Rd7 32. Re3 g6 33. Nxh6 Nxb3 34. axb3 Kg7 35. Ng4 Bxg4 36. hxg4 Rh8 37. f4 Rd6 38. f5 gxf5 39. gxf5 f6 40. Kf2 Re8 41. Kf3 Re5 42. g4 Kf7 43. Kf4 Kg7 44. g5 Kf7 45. g6+ Kg7 46. Kg4 Kh6 47. Rh3+ Kg7 48. Rh7+ Kg8 49. Kh5 Rxd3 50. Rxa7 Rh3+ 51. Kg4 Rh6 52. Kf4 Kf8 53. Ra8+ Re8 54. Ra7 Kg8 55. g7 0-1

[Event "GER-ch Schools U18 Girls"]
[Site "Germany"]
[Date "2009.05.17"]
[Round "4.4"]
[White "Mueller, Laura Margarita"]
[Black "Woider, Stella"]
[Result "1-0"]
[WhiteElo "1432"]
[BlackElo "762"]
[PlyCount "81"]
[EventDate "2009.05.16"]
[EventType "team-swiss"]
[EventRounds "7"]
[EventCountry "GER"]
[SourceTitle "EXT 2011"]
[Source "ChessBase"]
[SourceDate "2010.11.26"]
[SourceVersion "1"]
[SourceVersionDate "2010.11.26"]
[SourceQuality "1"]
[WhiteTeam "Wattenscheid (W)"]
[BlackTeam "Mainz Gymn (W)"]
[WhiteTeamCountry "GER"]
[BlackTeamCountry "GER"]

1. d4 d5 2. c4 dxc4 3. e3 Nf6 4. Bxc4 Bf5 5. Nf3 Nc6 6. 0-0 e6 7. Bd2 Bd6 8. Bb5 0-0 9. Bxc6 bxc6 10. Qc1 Be4 11. Ne5 Qe8 12. f3 Bxb1 13. Rxb1 c5 14. Ba5 cxd4 15. exd4 Nd5 16. Re1 Rc8 17. Qc6 Qe7 18. Rbc1 Qg5 19. Rc2 Qf4 20. Re4 Qf5 21. Bd2 Qh5 22. h3 f5 23. Re1 Qh4 24. Qd7 Bxe5 25. Qxe6+ Kh8 26. Qxe5 Rce8 27. Qxe8 Qf6 28. Qe5 c6 29. Qxf6 Nxf6 30. Rxc6 h6 31. Re7 Nd5 32. Rxa7 Rf6 33. Rxf6 Nxf6 34. b4 Nd5 35. b5 g5 36. a4 Kg8 37. a5 Kf8 38. b6 Nxb6 39. axb6 Ke8 40. b7 Kd8 41. b8Q# 1-0

[Event "GER-ch Schools U18 Girls"]
[Site "Germany"]
[Date "2009.05.16"]
[Round "2.4"]
[White "Freesemann, Tanja"]
[Black "Woider, Stella"]
[Result "0-1"]
[WhiteElo "800"]
[BlackElo "762"]
[PlyCount "60"]
[EventDate "2009.05.16"]
[EventType "team-swiss"]
[EventRounds "7"]
[EventCountry "GER"]
[SourceTitle "EXT 2011"]
[Source "ChessBase"]
[SourceDate "2010.11.26"]
[SourceVersion "1"]
[SourceVersionDate "2010.11.26"]
[SourceQuality "1"]
[WhiteTeam "Jever (W)"]
[BlackTeam "Mainz Gymn (W)"]
[WhiteTeamCountry "GER"]
[BlackTeamCountry "GER"]

1. e4 e5 2. Nf3 Nc6 3. Bb5 Nf6 4. Nc3 Bc5 5. 0-0 0-0 6. d3 d6 7. Be3 Bxe3 8. fxe3 a6 9. Ba4 Bg4 10. h3 Bh5 11. g4 Bg6 12. d4 exd4 13. exd4 Nxe4 14. Qe1 Ng5 15. Kg2 h6 16. h4 Ne6 17. Ne2 d5 18. Bxc6 bxc6 19. Ne5 Be4+ 20. Kg3 Bxc2 21. Rc1 Ba4 22. b3 Bb5 23. Nxc6 Qd6+ 24. Ne5 f6 25. Kh3 fxe5 26. Qg3 Bxe2 27. g5 Bxf1+ 28. Rxf1 h5 29. Qf3 Rxf3+ 30. Rxf3 Nxd4 0-1